000 00733nam a2200253Ia 4500
003 OSt
005 20220918223012.0
006 a|||||r|||| 00| 0
007 ta
008 220917b |||||||| |||| 00| 0 eng d
024 _a219,782
037 _cTextual
040 _aARTS
_cARTS
_beng
041 _2eng
_aeng
082 _aV73:1.682,N, P3
100 _aFreeman Dena Ed.
_9144590
245 0 _aPeripheral people
_b the excluded minorities of Ethiopia
260 _aLondon
_bHurst and Company
_c2003
300 _axxvi,394p.
_ccm.
650 _aHISTORY
700 _a Pankhurst Alula Ed.
_937062
942 _hV73:1.682,N, P3
_cTEXL
_2CC
999 _c277091
_d277091